000 00554nam a2200181 4500
001 144813
003 ES-MaACL
005 20230906201114.0
007 t|
008 070214s1973 sp r ||||1| spa d
100 1 _aSlaughter, Frank G.
_9106773
245 1 4 _aLos pecados de Herodes /
_cFrank G. Slaughter ; [versión... de Mª C. de Azpiazu].
250 _a1ª ed.
260 _aBarcelona :
_bLuis de Caralt,
_c1973 (
_fRigsa)
300 _a408 p. ;
_c20 cm.
700 1 _aAzpiazu, María del Carmen.
_924352
852 _aES-MaACL
_jC-52529
_bR.85436
999 _c144813
_d144813